000 00278nam a22001337a 4500
008 180912b xxu||||| |||| 00| 0 eng d
020 _a9780534218041
041 _aeng
080 _a510
100 _a36
101 _aMAT
245 _aCalculus
_cAndre, R.S
942 _2udc
_cBK
999 _c47709
_d47709